00404 2200169 4500245005100000020002200051250001100073100001600084700001600100650001700116005001900133260002800152041001400180084000800194300002300202336000900225 aCinta Tak Kenal Batas WaktucWulan MurtihText a978-602-391-091-5 aCet. 1 aWulan Murti aVita Brevis aNovel Remaja a20230213153430 aYogyakartabSenjac2016 aIndonesia a813 a212 hlm. :c19 cm. atext